000 00873nam a2200265 u 4500
005 20240228064245.0
008 160526s2008 r 000 0 eng d
020 _a9789681685355
035 _aUPN01000210724
049 _aI
050 4 _aPZ24.1
_bB6.2
100 1 _aBourget, Laëtitia,
_d1976-
_939085
245 1 3 _aEl aprendizaje amoroso /
_cLaëtitia Bourget, Emmanuelle Houdart ; tr. Eliana Pasarán.
260 _aMéxico :
_bFCE,
_c2008.
300 _a[34] p. :
_bil. col.
440 4 _aLos especiales de a la orilla del viento
534 _pTítulo original:
_tL´apprenntissage amoureux
650 0 _aCuentos franceses
_99135
650 4 _aLiteratura infantil francesa
_913687
650 4 _aLibros y lectura para niños
_92290
700 1 _aHoudart, Emmanuelle,
_d1967-
_ecoaut.
_937578
905 _aInfantil
999 _c182825
_d182825